Henry Ford, young man with ideas / (Record no. 2042)

MARC details
000 -LEADER
fixed length control field 01404cam a2200349 a 4500
005 - DATE AND TIME OF LATEST TRANSACTION
control field 20231103114935.0
020 ## - INTERNATIONAL STANDARD BOOK NUMBER
International Standard Book Number 9780020419105
040 ## - CATALOGING SOURCE
Original cataloging agency DLC
Transcribing agency DLC
Modifying agency DLC
050 00 - LIBRARY OF CONGRESS CALL NUMBER
Classification number HD9710.U54
082 00 - DEWEY DECIMAL CLASSIFICATION NUMBER
Classification number 338.7/6292/0924
100 1# - MAIN ENTRY--PERSONAL NAME
Personal name Aird, Hazel B.
245 10 - TITLE STATEMENT
Title Henry Ford, young man with ideas /
Statement of responsibility, etc. by Hazel B. Aird and Catherine Ruddiman illustrated by Wallace Wood
250 ## - EDITION STATEMENT
Edition statement 1st Aladdin Books ed.
260 ## - PUBLICATION, DISTRIBUTION, ETC.
Place of publication, distribution, etc. New York :
Name of publisher, distributor, etc. Aladdin Books,
Date of publication, distribution, etc. 1986
300 ## - PHYSICAL DESCRIPTION
Extent 192 pages :
Dimensions 19 cm
490 ## - SERIES STATEMENT
Materials specified Childhood of Famous Americans
500 ## - GENERAL NOTE
General note Reprint of the ed.: Indianapolis : Bobbs-Merrill, 1984, c1960. (Childhood of famous Americans series)
500 ## - GENERAL NOTE
General note Published 1960 under title: Henry Ford, boy with ideas.
505 ## - FORMATTED CONTENTS NOTE
Formatted contents note P
520 ## - SUMMARY, ETC.
Summary, etc. The early life of the American automotive industrialist who founded the Ford Motor Company and pioneered in assembly-line methods of mass production.
521 ## - TARGET AUDIENCE NOTE
Target audience note 650
Source Lexile
521 ## - TARGET AUDIENCE NOTE
Target audience note P
Source Raz-Plus
650 #0 - SUBJECT ADDED ENTRY--TOPICAL TERM
Topical term or geographic name entry element Automobile industry and trade
Geographic subdivision United States
General subdivision History
Form subdivision Juvenile literature.
650 #0 - SUBJECT ADDED ENTRY--TOPICAL TERM
Topical term or geographic name entry element Industrialists
Geographic subdivision United States
Form subdivision Biography
-- Juvenile literature.
650 #1 - SUBJECT ADDED ENTRY--TOPICAL TERM
Topical term or geographic name entry element Businesspeople.
650 #1 - SUBJECT ADDED ENTRY--TOPICAL TERM
Topical term or geographic name entry element Automobile industry and trade
Form subdivision Biography.
700 1# - ADDED ENTRY--PERSONAL NAME
Personal name Ruddiman, Catherine
Relator term Coauthor
700 1# - ADDED ENTRY--PERSONAL NAME
Personal name Wood, Wallace,
Relator term illustrator
906 ## - LOCAL DATA ELEMENT F, LDF (RLIN)
a 7
b cbc
c orignew
d 1
e ocip
f 19
g y-gencatlg
942 ## - ADDED ENTRY ELEMENTS (KOHA)
Source of classification or shelving scheme Dewey Decimal Classification
Koha item type Books
Suppress in OPAC No
999 ## -
-- 2042
-- 2042
Holdings
Withdrawn status Lost status Source of classification or shelving scheme Damaged status Not for loan Collection Home library Current library Shelving location Date acquired Total Checkouts Full call number Barcode Date due Date last seen Date last checked out Price effective from Koha item type
    Dewey Decimal Classification     Non-Fiction Footprints International School Library Network Toul Kork Campus Footprints International School Library Network Toul Kork Campus TK Primary Library Room(4th Floor), Bookcase 5&6, Shelves 33-56, Orange Books 11/02/2023 1 FOR 338.7/6292/0924 HD9710.U54 FISTK00361 11/25/2025 11/11/2025 11/11/2025 11/02/2023 Books